000 00680nam a2200205 a 4500
001 000041340
005 20201002034814.0
008 131001s1996 sp 000 0 spa d
020 _a8472327590
040 _aDO-SdBNP
_bspa
_cBNPHU
082 _axxxx
_bssss
100 1 _aRueda, Manuel
_919958
245 1 0 _aRetablo de la pasión y muerte de Juana la loca :
_ben dos jornadas /
_cManuel Rueda.
260 _aMadrid, España :
_bCultura Hispánica,
_c1996.
300 _a70 p. ;
_c20 cm.
490 1 _aCultura hispanica
_aTeatro
500 _aIncluye datos biografícos en la solapa de la portada
586 _aTirso de Molina, 1995
830 0 _aCultura hispanica
_gTeatro
_967982
999 _c40830
_d40830